Textbook of medical-surgical nursing / (Record no. 60372)

MARC details
000 -LEADER
fixed length control field 00669nam a22002297a 4500
005 - DATE AND TIME OF LATEST TRANSACTION
control field 20260417094403.0
008 - FIXED-LENGTH DATA ELEMENTS--GENERAL INFORMATION
fixed length control field 260417b |||||||| |||| 00| 0 eng d
020 ## - INTERNATIONAL STANDARD BOOK NUMBER
International Standard Book Number 9781582559926
050 ## - LIBRARY OF CONGRESS CALL NUMBER
Classification number RT 41
Item number .T46 2008
245 ## - TITLE STATEMENT
Title Textbook of medical-surgical nursing /
250 ## - EDITION STATEMENT
Edition statement 11th edition
260 ## - PUBLICATION, DISTRIBUTION, ETC. (IMPRINT)
Place of publication, distribution, etc Philadelphia :
Name of publisher, distributor, etc Lippincott,
Date of publication, distribution, etc 2008.
300 ## - PHYSICAL DESCRIPTION
Extent xix, 1800 p. :
Other physical details ill. ;
Dimensions 29 cm.
500 ## - GENERAL NOTE
General note Includes bibliographies and index.
650 ## - SUBJECT ADDED ENTRY--TOPICAL TERM
Topical term or geographic name as entry element Nursing.
650 ## - SUBJECT ADDED ENTRY--TOPICAL TERM
Topical term or geographic name as entry element Surgical nursing.
700 ## - ADDED ENTRY--PERSONAL NAME
Personal name Smeltzer, Suzanne C. O'Connell.
700 ## - ADDED ENTRY--PERSONAL NAME
Numeration cheever, Kerry H
700 ## - ADDED ENTRY--PERSONAL NAME
Personal name Hinkle, Janice L
700 ## - ADDED ENTRY--PERSONAL NAME
Personal name Bare, Brenda G.
942 ## - ADDED ENTRY ELEMENTS (KOHA)
Source of classification or shelving scheme Library of Congress Classification
Item type Book
Holdings
Withdrawn status Lost status Source of classification or shelving scheme Damaged status Not for loan Collection code Home library Current library Shelving location Date acquired Source of acquisition Cost, normal purchase price Total Checkouts Full call number Barcode Date last seen Copy number Price effective from Koha item type
    Library of Congress Classification   Not For Loan Non-fiction Bishop Okullu Memorial Library (Limuru Campus) Bishop Okullu Memorial Library (Limuru Campus) Processing Center 17/04/2026 Donations-Pittsburg 2080.00   RT 41 .T46 2008 073345 17/04/2026 1 17/04/2026 Book